Hacia una IA territorial, ética y justa: Un prototipo low-tech para una gobernanza mejorada (notice n° 1572352)
[ vue normale ]
| 000 -LEADER | |
|---|---|
| fixed length control field | 01086cam a2200193 4500500 |
| 005 - DATE AND TIME OF LATEST TRANSACTION | |
| control field | 20251214022340.0 |
| 041 ## - LANGUAGE CODE | |
| Language code of text/sound track or separate title | fre |
| 042 ## - AUTHENTICATION CODE | |
| Authentication code | dc |
| 100 10 - MAIN ENTRY--PERSONAL NAME | |
| Personal name | Schoch, Patrice |
| Relator term | author |
| 245 00 - TITLE STATEMENT | |
| Title | Hacia una IA territorial, ética y justa: Un prototipo low-tech para una gobernanza mejorada |
| 260 ## - PUBLICATION, DISTRIBUTION, ETC. | |
| Date of publication, distribution, etc. | 2025.<br/> |
| 500 ## - GENERAL NOTE | |
| General note | 7 |
| 520 ## - SUMMARY, ETC. | |
| Summary, etc. | Este artículo propone un prototipo de baja tecnología (low-tech) para estructurar las relaciones entre las partes interesadas y las vulnerabilidades PESTEL desde una perspectiva de gobernanza territorial. Tras haber sido probado en una municipalidad, este prototipo supone un primer paso hacia un sistema de inteligencia artificial territorial (SIAT) que sea ético, explicable y adaptado a las especificidades locales. |
| 700 10 - ADDED ENTRY--PERSONAL NAME | |
| Personal name | Le Rudulier, Karine |
| Relator term | author |
| 700 10 - ADDED ENTRY--PERSONAL NAME | |
| Personal name | Baron, François |
| Relator term | author |
| 700 10 - ADDED ENTRY--PERSONAL NAME | |
| Personal name | Kefi, Mohamed Karim |
| Relator term | author |
| 786 0# - DATA SOURCE ENTRY | |
| Note | Management & Avenir | 148 | 4 | 2025-09-08 | p. 45-65 | 1768-5958 |
| 856 41 - ELECTRONIC LOCATION AND ACCESS | |
| Uniform Resource Identifier | <a href="https://shs.cairn.info/revista-management-avenir-2025-4-page-45?lang=es&redirect-ssocas=7080">https://shs.cairn.info/revista-management-avenir-2025-4-page-45?lang=es&redirect-ssocas=7080</a> |
Pas d'exemplaire disponible.




Réseaux sociaux